[Event "Abu Dhabi Masters Online"]
[Site "chess.com INT"]
[Date "2024.08.21"]
[Round "9"]
[White "Chen, Ryo"]
[Black "Mendes, Aaron Reeve"]
[Result "1-0"]
[WhiteElo "2408"]
[BlackElo "2314"]
[PlyCount "133"]
[GameId "2130307538138430"]
[EventDate "2024.08.21"]
[EventType "swiss (blitz)"]
[EventRounds "11"]
[EventCountry "UAE"]
[SourceTitle "The Week in Chess 1555"]
[Source "Mark Crowther"]
[SourceDate "2024.08.26"]
[SourceVersion "1"]
[SourceVersionDate "2024.08.26"]
[SourceQuality "2"]

1. e4 c5 2. Nf3 d6 3. d4 cxd4 4. Nxd4 Nf6 5. Nc3 a6 6. Be2 e5 7. Nb3 Be6 8. O-O Be7 9. f4 exf4 10. Bxf4 O-O 11. Qe1 d5 12. exd5 Nxd5 13. Nxd5 Bxd5 14. Rd1 Qb6+ 15. Kh1 Bxb3 16. axb3 Nc6 17. Bf3 Bf6 18. Bd5 Rad8 19. Qg3 Qc5 20. c4 Kh8 21. Be3 Qb4 22. Rxf6 gxf6 23. Qh4 Qe7 24. Rf1 Rg8 25. Bd2 Rg6 26. Bc3 Ne5 27. Be4 Rg7 28. h3 Rdg8 29. Qxf6 Qxf6 30. Rxf6 Re8 31. Rf5 f6 32. Rxf6 Rge7 33. Bd5 Kg7 34. Bxe5 Rxe5 35. Rf7+ Kh6 36. Rxb7 Re2 37. Rb6+ Kg5 38. Rxa6 Rxb2 39. Ra7 h5 40. Rg7+ Kh6 41. Rg3 Re1+ 42. Kh2 Rbb1 43. Rg8 Rxb3 44. h4 Rc3 45. Rg5 Rcc1 46. Bf3 Rxc4 47. Rxh5+ Kg6 48. Rg5+ Kh6 49. Kg3 Re7 50. Rh5+ Kg6 51. Ra5 Kh6 52. Ra6+ Kh7 53. Kh3 Rc3 54. Rd6 Rf7 55. Kg4 Rg7+ 56. Kf4 Rf7+ 57. Kg4 Rg7+ 58. Kh3 Rf7 59. Rd5 Rc4 60. Rh5+ Kg6 61. Rg5+ Kh6 62. Bd5 Rc3+ 63. g3 Rf1 64. Be4 Rf2 65. Rg6+ Kh5 66. Rg8 Re3 67. Rh8# 1-0

[Event "Titled Tuesday 2024.08.13 Early"]
[Site "chess.com INT"]
[Date "2024.08.13"]
[Round "2"]
[White "Mendes, Aaron Reeve"]
[Black "Lohani, Sujana"]
[Result "1-0"]
[WhiteElo "2314"]
[BlackElo "1806"]
[PlyCount "61"]
[GameId "2130307539980132"]
[EventDate "2024.08.13"]
[EventType "swiss (blitz)"]
[EventRounds "11"]
[EventCountry "NET"]
[SourceTitle "The Week in Chess 1554"]
[Source "Mark Crowther"]
[SourceDate "2024.08.19"]
[SourceVersion "2"]
[SourceVersionDate "2024.08.19"]
[SourceQuality "2"]

1. Nf3 Nf6 2. e3 g6 3. b3 Bg7 4. Bb2 Kf8 5. c4 h6 6. Nc3 d5 7. cxd5 Nxd5 8. Bc4 Nxc3 9. dxc3 Qxd1+ 10. Rxd1 Nc6 11. Bb5 Bg4 12. h3 Bxf3 13. gxf3 Ke8 14. Ke2 e6 15. Rd3 Ke7 16. Ba3+ Ke8 17. Rhd1 Bf8 18. Bb2 Bd6 19. c4 Rg8 20. Bxc6+ bxc6 21. Bd4 c5 22. Bf6 Kd7 23. e4 Kc6 24. e5 Bf8 25. Rd7 a5 26. Rxf7 a4 27. Rdd7 axb3 28. Rxc7+ Kb6 29. Rb7+ Ka6 30. Rxb3 Rd8 31. Bxd8 1-0

[Event "Titled Tuesday 2024.08.13 Early"]
[Site "chess.com INT"]
[Date "2024.08.13"]
[Round "4"]
[White "Klukin, Kirill"]
[Black "Mendes, Aaron Reeve"]
[Result "1-0"]
[WhiteElo "2413"]
[BlackElo "2314"]
[PlyCount "49"]
[GameId "2130307539984419"]
[EventDate "2024.08.13"]
[EventType "swiss (blitz)"]
[EventRounds "11"]
[EventCountry "NET"]
[SourceTitle "The Week in Chess 1554"]
[Source "Mark Crowther"]
[SourceDate "2024.08.19"]
[SourceVersion "2"]
[SourceVersionDate "2024.08.19"]
[SourceQuality "2"]

1. d4 c5 2. e3 cxd4 3. exd4 Nf6 4. Bd3 e6 5. Nf3 Be7 6. O-O a6 7. c4 b6 8. Nc3 Bb7 9. b3 O-O 10. d5 exd5 11. cxd5 b5 12. a3 Nxd5 13. Nxd5 Bxd5 14. Bxh7+ Kxh7 15. Qxd5 Nc6 16. Rd1 Re8 17. Qxf7 Bf6 18. Rxd7 Qxd7 19. Qxd7 Bxa1 20. Ng5+ Kh8 21. Be3 Ne5 22. Qh3+ Kg8 23. Qh7+ Kf8 24. Bc5+ Re7 25. Qh8# 1-0

[Event "Titled Tuesday 2024.08.13 Early"]
[Site "chess.com INT"]
[Date "2024.08.13"]
[Round "6"]
[White "Mendes, Aaron Reeve"]
[Black "Bardyk, Artem"]
[Result "1/2-1/2"]
[WhiteElo "2314"]
[BlackElo "2277"]
[PlyCount "126"]
[GameId "2130307539992803"]
[EventDate "2024.08.13"]
[EventType "swiss (blitz)"]
[EventRounds "11"]
[EventCountry "NET"]
[SourceTitle "The Week in Chess 1554"]
[Source "Mark Crowther"]
[SourceDate "2024.08.19"]
[SourceVersion "2"]
[SourceVersionDate "2024.08.19"]
[SourceQuality "2"]

1. e4 e5 2. Nf3 Nc6 3. d4 exd4 4. Nxd4 Bb4+ 5. c3 Bc5 6. Nb3 Bb6 7. c4 d6 8. Nc3 Nf6 9. Be2 h6 10. O-O O-O 11. h3 Re8 12. Bd3 a5 13. Nd2 Ne5 14. Nf3 Be6 15. Nd5 Bxd5 16. exd5 Nxd3 17. Qxd3 Ne4 18. Nd2 Nxf2 19. Rxf2 Re1+ 20. Nf1 Bxf2+ 21. Kxf2 Qh4+ 22. g3 Qe7 23. Bg5 Rxf1+ 24. Rxf1 Qxg5 25. Re1 Qf6+ 26. Kg2 Qxb2+ 27. Re2 Qf6 28. Qb3 b6 29. Qb5 Qf5 30. Qc6 Rc8 31. g4 Qd3 32. Re8+ Rxe8 33. Qxe8+ Kh7 34. Qxf7 Qc2+ 35. Kg3 Qd3+ 36. Kg2 Qe2+ 37. Kg3 Qe5+ 38. Kg2 a4 39. a3 Qb2+ 40. Kh1 Qa1+ 41. Kg2 Qf6 42. Qxf6 gxf6 43. Kf3 Kg6 44. Kf4 Kg7 45. Kf5 Kf7 46. h4 Kg7 47. Ke6 Kg6 48. Kd7 h5 49. gxh5+ Kxh5 50. Kxc7 f5 51. Kxd6 f4 52. Kc6 f3 53. d6 f2 54. d7 f1=Q 55. d8=Q Qxc4+ 56. Kxb6 Qb3+ 57. Ka5 Qc3+ 58. Kxa4 Qc4+ 59. Ka5 Qc5+ 60. Ka6 Qxa3+ 61. Kb7 Qb4+ 62. Kc8 Qxh4 63. Qxh4+ Kxh4 1/2-1/2

[Event "Titled Tuesday 2024.08.13 Early"]
[Site "chess.com INT"]
[Date "2024.08.13"]
[Round "9"]
[White "Seder, Mohammed"]
[Black "Mendes, Aaron Reeve"]
[Result "1-0"]
[WhiteElo "2116"]
[BlackElo "2314"]
[PlyCount "70"]
[GameId "2130307540001236"]
[EventDate "2024.08.13"]
[EventType "swiss (blitz)"]
[EventRounds "11"]
[EventCountry "NET"]
[SourceTitle "The Week in Chess 1554"]
[Source "Mark Crowther"]
[SourceDate "2024.08.19"]
[SourceVersion "2"]
[SourceVersionDate "2024.08.19"]
[SourceQuality "2"]

1. e4 c5 2. Nf3 d6 3. Bb5+ Bd7 4. Bxd7+ Qxd7 5. O-O Nf6 6. Re1 e6 7. c3 Nc6 8. d4 cxd4 9. cxd4 d5 10. e5 Ne4 11. a3 Be7 12. Qd3 O-O 13. Nbd2 Nxd2 14. Bxd2 h6 15. Re3 Rfc8 16. Ne1 Bh4 17. Rh3 Qd8 18. Nf3 Be7 19. Bxh6 g6 20. Qe3 Qb6 21. Bg7 f5 22. exf6 Kf7 23. Ng5+ Ke8 24. Qxe6 Kd8 25. fxe7+ Kc7 26. Rh7 Qxb2 27. Be5+ Kb6 28. Rf1 Re8 29. Qxd5 Qc2 30. Ne6 Rac8 31. Bd6 a5 32. a4 Ka7 33. Qc5+ Qxc5 34. dxc5 Nb4 35. Nc7 Rxc7 1-0

[Event "Titled Tuesday 2024.08.13 Early"]
[Site "chess.com INT"]
[Date "2024.08.13"]
[Round "11"]
[White "Herman, Daniel"]
[Black "Mendes, Aaron Reeve"]
[Result "0-1"]
[WhiteElo "1925"]
[BlackElo "2314"]
[PlyCount "82"]
[GameId "2130307540005440"]
[EventDate "2024.08.13"]
[EventType "swiss (blitz)"]
[EventRounds "11"]
[EventCountry "NET"]
[SourceTitle "The Week in Chess 1554"]
[Source "Mark Crowther"]
[SourceDate "2024.08.19"]
[SourceVersion "2"]
[SourceVersionDate "2024.08.19"]
[SourceQuality "2"]

1. c4 c6 2. d4 d5 3. cxd5 cxd5 4. Bg5 Nc6 5. Nc3 h6 6. Bh4 g5 7. Bg3 e6 8. e3 a6 9. Nf3 b5 10. Bd3 Bb7 11. Rc1 Bg7 12. h4 g4 13. Ne5 Nxe5 14. dxe5 h5 15. Ne2 Ne7 16. Nd4 Rc8 17. O-O O-O 18. Rxc8 Qxc8 19. f3 Nf5 20. Nxf5 exf5 21. fxg4 fxg4 22. Rf5 Qc5 23. Rxh5 Qxe3+ 24. Kh2 Rc8 25. e6 Rc1 26. Bh7+ Kf8 27. Bd6+ Ke8 28. exf7+ Kxf7 29. Qxg4 Qg1+ 30. Kh3 Bc8 31. Bf5 Qh1+ 32. Bh2 Be5 33. Qg6+ Kf8 34. Qh6+ Ke7 35. Qg5+ Kd6 36. Rh6+ Kc5 37. Qe3+ Bd4 38. Qe7+ Kc4 39. b3+ Kc3 40. Qc7+ Kb2 41. Bxc8 Rxc7 0-1

[Event "Titled Tuesday 2024.08.06 Early"]
[Site "chess.com INT"]
[Date "2024.08.06"]
[Round "3"]
[White "Mendes, Aaron Reeve"]
[Black "Diachek, Andriy"]
[Result "1-0"]
[WhiteElo "2314"]
[BlackElo "2196"]
[PlyCount "69"]
[GameId "2130307540315250"]
[EventDate "2024.08.06"]
[EventType "swiss (blitz)"]
[EventRounds "11"]
[EventCountry "NET"]
[SourceTitle "The Week in Chess 1553"]
[Source "Mark Crowther"]
[SourceDate "2024.08.12"]
[SourceVersion "2"]
[SourceVersionDate "2024.08.13"]
[SourceQuality "2"]

1. Nf3 d5 2. e3 c5 3. c4 d4 4. exd4 cxd4 5. b4 Nf6 6. Bb2 e6 7. a3 a5 8. b5 Bc5 9. d3 O-O 10. Nbd2 Re8 11. Nb3 b6 12. Bxd4 Bxd4 13. Nbxd4 e5 14. Nc2 Qc7 15. Be2 e4 16. dxe4 Nxe4 17. Ne3 Bb7 18. O-O Nd7 19. Rc1 Ndc5 20. Qc2 Rad8 21. Rfd1 Qf4 22. Rxd8 Rxd8 23. Rd1 Re8 24. Nd5 Bxd5 25. cxd5 Rd8 26. Rd4 Qd6 27. Rxe4 Nxe4 28. Qxe4 Qxa3 29. h4 Qc5 30. Bc4 a4 31. Ng5 Qd6 32. Qxh7+ Kf8 33. Qh8+ Ke7 34. Qxg7 a3 35. Qxf7# 1-0

[Event "Titled Tuesday 2024.08.06 Early"]
[Site "chess.com INT"]
[Date "2024.08.06"]
[Round "6"]
[White "Noy, Eyal"]
[Black "Mendes, Aaron Reeve"]
[Result "1/2-1/2"]
[WhiteElo "2216"]
[BlackElo "2314"]
[PlyCount "157"]
[GameId "2130307540327829"]
[EventDate "2024.08.06"]
[EventType "swiss (blitz)"]
[EventRounds "11"]
[EventCountry "NET"]
[SourceTitle "The Week in Chess 1553"]
[Source "Mark Crowther"]
[SourceDate "2024.08.12"]
[SourceVersion "2"]
[SourceVersionDate "2024.08.13"]
[SourceQuality "2"]

1. d4 e5 2. dxe5 Nc6 3. Nf3 Qe7 4. Bf4 Qb4+ 5. Bd2 Qxb2 6. Nc3 Bb4 7. Rb1 Qxc3 8. Bxc3 Bxc3+ 9. Nd2 Nxe5 10. Rb3 Ba5 11. Qa1 d6 12. Rb5 Bxd2+ 13. Kxd2 Nf6 14. f3 a6 15. Rb1 Nc4+ 16. Kd3 d5 17. e3 b5 18. Ke2 Bf5 19. Qc3 O-O 20. Kf2 Nd6 21. Qxc7 Rfd8 22. Bd3 Rac8 23. Qa5 Bxd3 24. cxd3 Rc2+ 25. Kg3 Re8 26. e4 dxe4 27. dxe4 Nh5+ 28. Kh4 Nf6 29. Kh3 Nh5 30. g3 g5 31. Rhd1 Nc4 32. Qxa6 Ne3 33. Rd3 Nc4 34. Qh6 Ng7 35. Qxg5 Rxa2 36. Rd8 Ra8 37. Rxe8+ Rxe8 38. Qxb5 Nd6 39. Qc6 Nc8 40. Qd7 Ne7 41. Rb7 Kf8 42. Qb5 Ne6 43. Rb8 Ng7 44. Rxe8+ Nxe8 45. Qc5 f6 46. f4 Ng7 47. Kg2 Kf7 48. h4 h6 49. g4 Kf8 50. Kf3 Kf7 51. Qb4 Ne6 52. Qa4 Ng6 53. Qa2 Ngxf4 54. e5 fxe5 55. Ke4 Kf6 56. g5+ hxg5 57. hxg5+ Nxg5+ 58. Ke3 Kf5 59. Qb1+ Kf6 60. Qc2 Nd5+ 61. Kd3 Nb4+ 62. Kc3 Nxc2 63. Kxc2 Kf5 64. Kd3 Kf4 65. Ke2 e4 66. Kf2 e3+ 67. Ke2 Ke4 68. Ke1 Kd3 69. Kd1 e2+ 70. Ke1 Nf3+ 71. Kf2 e1=Q+ 72. Kxf3 Qf1+ 73. Kg3 Ke4 74. Kh2 Qf3 75. Kg1 Ke3 76. Kh2 Qg4 77. Kh1 Kf2 78. Kh2 Qh3+ 79. Kxh3 1/2-1/2

[Event "Titled Tuesday 2024.08.06 Early"]
[Site "chess.com INT"]
[Date "2024.08.06"]
[Round "8"]
[White "Mendes, Aaron Reeve"]
[Black "Southcott-Moyers, Indy"]
[Result "1-0"]
[WhiteElo "2314"]
[BlackElo "2181"]
[PlyCount "205"]
[GameId "2130307540332077"]
[EventDate "2024.08.06"]
[EventType "swiss (blitz)"]
[EventRounds "11"]
[EventCountry "NET"]
[SourceTitle "The Week in Chess 1553"]
[Source "Mark Crowther"]
[SourceDate "2024.08.12"]
[SourceVersion "2"]
[SourceVersionDate "2024.08.13"]
[SourceQuality "2"]

1. e4 c6 2. Nf3 d5 3. Nc3 dxe4 4. Nxe4 Nf6 5. Qe2 Nxe4 6. Qxe4 Nd7 7. Bc4 Nf6 8. Ne5 e6 9. Qe3 Qc7 10. d4 b5 11. Be2 Bd6 12. O-O O-O 13. h3 a5 14. b3 Nd5 15. Qd2 Bb4 16. Qd3 f6 17. Nf3 Nc3 18. Bd2 Nxe2+ 19. Qxe2 Bd6 20. c4 bxc4 21. bxc4 Re8 22. Qe1 c5 23. dxc5 Qxc5 24. Qe2 Ba6 25. Rfc1 Rac8 26. Be3 Qc6 27. Nd4 Qe4 28. Qh5 Be5 29. Rd1 Bxc4 30. Rac1 Bxa2 31. Nf3 Bd5 32. Nxe5 Qxe5 33. Qxe5 fxe5 34. Ra1 Ra8 35. Rdc1 a4 36. Rc7 Rf8 37. Bc5 Rf7 38. Rxf7 Kxf7 39. Bd6 e4 40. Kf1 Bc4+ 41. Ke1 Bb3 42. Ba3 Rd8 43. Rc1 Rd3 44. Ke2 Bd5 45. Rc7+ Ke8 46. Bc5 Rb3 47. Rxg7 a3 48. Ra7 Rb2+ 49. Ke3 a2 50. Bd4 Rb1 51. Kf4 Kd8 52. Ke5 Kc8 53. Kd6 Kb8 54. Ra3 Kb7 55. Ra7+ Kb8 56. Ra3 Rd1 57. Ke5 Kb7 58. Ra7+ Kc6 59. Ra5 Rd2 60. g3 Re2 61. h4 h5 62. Rc5+ Kb7 63. Ra5 Rc2 64. Ra7+ Kb8 65. Ra5 Rc6 66. Rb5+ Kc8 67. Ra5 Rc7 68. Ra3 Rc6 69. Ra8+ Kb7 70. Ra7+ Kb8 71. Ra5 Rc7 72. Rb5+ Kc8 73. Ra5 Rb7 74. Ra8+ Kd7 75. Ra5 Rb1 76. Ra7+ Kc6 77. Ra6+ Kb5 78. Rb6+ Kc4 79. Ra6 Rd1 80. Rxa2 Kb3 81. Rb2+ Kc4 82. Rc2+ Kd3 83. Rc3+ Ke2 84. Re3+ Kf1 85. Rc3 Rb1 86. Be3 Rb5 87. Kf4 Kg2 88. Kg5 Ba2+ 89. Kh6 Kh3 90. Ra3 Bc4 91. Ra4 Bd3 92. Rd4 Kg2 93. Rd6 Kh3 94. Rxe6 Kg2 95. Rg6 Kh3 96. Rg5 Rb1 97. Kxh5 Rb8 98. Rg7 Rh8+ 99. Kg5 Rf8 100. h5 Be2 101. h6 Rh8 102. h7 Bd3 103. Kh6 1-0

[Event "Titled Tuesday 2024.08.06 Early"]
[Site "chess.com INT"]
[Date "2024.08.06"]
[Round "10"]
[White "Mendes, Aaron Reeve"]
[Black "Samunenkov, Ihor"]
[Result "0-1"]
[WhiteElo "2314"]
[BlackElo "2517"]
[PlyCount "72"]
[GameId "2130307540340409"]
[EventDate "2024.08.06"]
[EventType "swiss (blitz)"]
[EventRounds "11"]
[EventCountry "NET"]
[SourceTitle "The Week in Chess 1553"]
[Source "Mark Crowther"]
[SourceDate "2024.08.12"]
[SourceVersion "2"]
[SourceVersionDate "2024.08.13"]
[SourceQuality "2"]

1. e4 c6 2. Nf3 d5 3. Nc3 dxe4 4. Nxe4 Nf6 5. Qe2 Na6 6. Nxf6+ gxf6 7. d4 h5 8. g3 h4 9. gxh4 Bg4 10. c3 Rxh4 11. Qe4 f5 12. Qf4 Bh6 13. Qg3 Bxc1 14. Rxc1 Bxf3 15. Qxf3 e6 16. Bxa6 bxa6 17. Qxc6+ Kf8 18. Rg1 Rc8 19. Qxa6 Ke7 20. Qxa7+ Kf6 21. Qa6 Ra8 22. Qd3 Qd5 23. a3 Rah8 24. Kd2 Rxh2 25. Qg3 Ke7 26. Qc7+ Kf6 27. Qe5+ Qxe5 28. dxe5+ Kxe5 29. Ke2 Rb8 30. Rc2 Ke4 31. Rd1 e5 32. Rd7 f6 33. Rd6 Rg8 34. Rxf6 Rgg2 35. Ke1 f4 36. Re2+ Kd5 0-1

[Event "Titled Tuesday 2024.08.06 Early"]
[Site "chess.com INT"]
[Date "2024.08.06"]
[Round "11"]
[White "Mendes, Aaron Reeve"]
[Black "Ismayil, Malak"]
[Result "1/2-1/2"]
[WhiteElo "2314"]
[BlackElo "2167"]
[PlyCount "79"]
[GameId "2130307540340481"]
[EventDate "2024.08.06"]
[EventType "swiss (blitz)"]
[EventRounds "11"]
[EventCountry "NET"]
[SourceTitle "The Week in Chess 1553"]
[Source "Mark Crowther"]
[SourceDate "2024.08.12"]
[SourceVersion "2"]
[SourceVersionDate "2024.08.13"]
[SourceQuality "2"]

1. e4 e5 2. Nf3 Nc6 3. d4 exd4 4. Nxd4 Bc5 5. Nb3 Bb6 6. Nc3 d6 7. Qe2 Nf6 8. Be3 Qe7 9. f3 Be6 10. O-O-O O-O-O 11. Bxb6 axb6 12. Qf2 d5 13. exd5 Nxd5 14. Nxd5 Bxd5 15. Bb5 Qb4 16. Bxc6 Bxc6 17. Rd4 Rxd4 18. Qxd4 Qxd4 19. Nxd4 Re8 20. b3 g6 21. c4 Bd7 22. Kd2 c5 23. Nc2 Bc6 24. a4 Kc7 25. Re1 Rxe1 26. Nxe1 Kd6 27. Ke3 Ke5 28. Nd3+ Kd6 29. Kf4 f6 30. h4 Bd7 31. Nf2 Bf5 32. Ne4+ Bxe4 33. Kxe4 Ke6 34. g4 Kd6 35. f4 Ke6 36. f5+ gxf5+ 37. gxf5+ Kd6 38. Kf4 h5 39. Ke4 Kc7 40. Kd5 1/2-1/2

[Event "Titled Tuesday 2024.08.06 Late"]
[Site "chess.com INT"]
[Date "2024.08.06"]
[Round "2"]
[White "Mikhalsky, Vladimir"]
[Black "Mendes, Aaron Reeve"]
[Result "0-1"]
[WhiteElo "2219"]
[BlackElo "2314"]
[PlyCount "76"]
[GameId "2130307540348815"]
[EventDate "2024.08.06"]
[EventType "swiss (blitz)"]
[EventRounds "11"]
[EventCountry "NET"]
[SourceTitle "The Week in Chess 1553"]
[Source "Mark Crowther"]
[SourceDate "2024.08.12"]
[SourceVersion "2"]
[SourceVersionDate "2024.08.13"]
[SourceQuality "2"]

1. d4 Nf6 2. c4 a6 3. Nc3 b5 4. cxb5 axb5 5. Nxb5 e5 6. dxe5 Ne4 7. Bd2 Bc5 8. e3 Bb7 9. Nf3 g5 10. Nc3 g4 11. Nd4 Qh4 12. Nxe4 Bxe4 13. b4 Bb6 14. Bc3 Nc6 15. Nxc6 Bxc6 16. Bd4 O-O 17. Bxb6 cxb6 18. Qd4 Ra3 19. Qf4 b5 20. Be2 h5 21. O-O Rfa8 22. Qf6 Qxf6 23. exf6 Rxa2 24. Rxa2 Rxa2 25. Bd3 Rd2 26. Bf5 Rd6 27. e4 Kf8 28. e5 Rd5 29. Re1 d6 30. f4 gxf3 31. Rc1 Be8 32. Rc8 Rd1+ 33. Kf2 fxg2 34. Kxg2 dxe5 35. Rb8 Rd6 36. Kf3 Rd4 37. Ke3 h4 38. Be4 Rd6 0-1

[Event "Titled Tuesday 2024.08.06 Late"]
[Site "chess.com INT"]
[Date "2024.08.06"]
[Round "3"]
[White "Mendes, Aaron Reeve"]
[Black "Bynum, Jacorey"]
[Result "1-0"]
[WhiteElo "2314"]
[BlackElo "2090"]
[PlyCount "65"]
[GameId "2130307540352990"]
[EventDate "2024.08.06"]
[EventType "swiss (blitz)"]
[EventRounds "11"]
[EventCountry "NET"]
[SourceTitle "The Week in Chess 1553"]
[Source "Mark Crowther"]
[SourceDate "2024.08.12"]
[SourceVersion "2"]
[SourceVersionDate "2024.08.13"]
[SourceQuality "2"]

1. f4 c5 2. Nf3 Nf6 3. b3 d5 4. Bb2 Nc6 5. e3 g6 6. Bb5 Bg7 7. O-O O-O 8. Bxc6 bxc6 9. Ne5 Qc7 10. Ba3 Qb6 11. d4 cxd4 12. exd4 Re8 13. Bc5 Qc7 14. Re1 Ne4 15. Ba3 f6 16. Nf3 Qxf4 17. Nbd2 Nc3 18. Qc1 e5 19. Bb2 Nb5 20. c4 Nd6 21. cxd5 Bg4 22. Qxc6 Bxf3 23. Nxf3 e4 24. Ba3 Nf5 25. d6 Red8 26. Rxe4 Qh6 27. d7 Bf8 28. Re8 Ng7 29. Qd5+ Kh8 30. Rxf8+ Rxf8 31. Bxf8 Qe3+ 32. Kh1 Ne6 33. Qxa8 1-0

[Event "Titled Tuesday 2024.08.06 Late"]
[Site "chess.com INT"]
[Date "2024.08.06"]
[Round "7"]
[White "Mendes, Aaron Reeve"]
[Black "Sheehan, Ethan"]
[Result "1-0"]
[WhiteElo "2314"]
[BlackElo "2331"]
[PlyCount "111"]
[GameId "2130307540361470"]
[EventDate "2024.08.06"]
[EventType "swiss (blitz)"]
[EventRounds "11"]
[EventCountry "NET"]
[SourceTitle "The Week in Chess 1553"]
[Source "Mark Crowther"]
[SourceDate "2024.08.12"]
[SourceVersion "2"]
[SourceVersionDate "2024.08.13"]
[SourceQuality "2"]

1. Nf3 Nf6 2. c4 e6 3. e3 d5 4. b3 c5 5. Bb2 Be7 6. Be2 O-O 7. O-O Nc6 8. cxd5 Nxd5 9. d4 b6 10. dxc5 Bxc5 11. Nc3 Nxc3 12. Bxc3 Bb7 13. Qb1 Qe7 14. Qb2 Ba3 15. Qb1 Rac8 16. Bb2 Rfd8 17. Bxa3 Qxa3 18. Rd1 h6 19. Rxd8+ Nxd8 20. h3 f6 21. Nd4 a6 22. Bc4 Qe7 23. Qg6 Kh8 24. Qg4 f5 25. Qg6 b5 26. Bxe6 Nxe6 27. Qxe6 Qxe6 28. Nxe6 Rc2 29. Nd4 Rc5 30. b4 Rc4 31. a3 f4 32. Nf5 fxe3 33. Nxe3 Rc3 34. a4 Rb3 35. axb5 axb5 36. Ra7 Be4 37. Ng4 Rxb4 38. Ne5 Rb1+ 39. Kh2 Rb2 40. f3 Bf5 41. Rf7 Be6 42. Rf8+ Kh7 43. h4 h5 44. Re8 Bc4 45. Re7 Bf1 46. Kg3 Rxg2+ 47. Kf4 b4 48. Nf7 Bc4 49. Ng5+ Kh8 50. Re8+ Bg8 51. Nf7+ Kh7 52. Ng5+ Kh8 53. Kf5 b3 54. Rb8 b2 55. Kg6 Rxg5+ 56. hxg5 1-0

[Event "Titled Tuesday 2024.08.06 Late"]
[Site "chess.com INT"]
[Date "2024.08.06"]
[Round "9"]
[White "Mendes, Aaron Reeve"]
[Black "Sabatier, Mathis"]
[Result "1-0"]
[WhiteElo "2314"]
[BlackElo "2183"]
[PlyCount "111"]
[GameId "2130307540365671"]
[EventDate "2024.08.06"]
[EventType "swiss (blitz)"]
[EventRounds "11"]
[EventCountry "NET"]
[SourceTitle "The Week in Chess 1553"]
[Source "Mark Crowther"]
[SourceDate "2024.08.12"]
[SourceVersion "2"]
[SourceVersionDate "2024.08.13"]
[SourceQuality "2"]

1. f4 d5 2. Nf3 g6 3. e3 Bg7 4. c4 c6 5. Nc3 Nf6 6. Be2 O-O 7. O-O Nbd7 8. cxd5 cxd5 9. b3 Ne4 10. Bb2 Nxc3 11. Bxc3 Bxc3 12. dxc3 Nf6 13. c4 Qb6 14. Qd4 Qxd4 15. Nxd4 a6 16. c5 Bd7 17. b4 Ne4 18. Rfc1 Rfc8 19. Bf3 e6 20. Bxe4 dxe4 21. Kf2 f6 22. Ne2 e5 23. fxe5 fxe5 24. Ng3 Bf5 25. Rd1 Rd8 26. h3 Kf7 27. Ke2 Ke6 28. a4 h5 29. Nh1 h4 30. Nf2 g5 31. Ra2 Rd5 32. Rxd5 Kxd5 33. Rc2 Rg8 34. Nd1 g4 35. Nc3+ Ke6 36. hxg4 Bxg4+ 37. Ke1 Bf5 38. Rd2 Rg3 39. Kf2 Rg8 40. Rd6+ Ke7 41. Rb6 h3 42. gxh3 Bxh3 43. Rxb7+ Ke6 44. Nxe4 Kf5 45. Ng3+ Kg4 46. Ne2 Rf8+ 47. Ke1 Rf1+ 48. Kd2 Rf2 49. Rg7+ Kh4 50. c6 Bg4 51. Rxg4+ Kxg4 52. c7 Rf8 53. b5 axb5 54. axb5 Kf5 55. b6 Ke6 56. b7 1-0

[Event "Titled Tuesday 2024.08.06 Late"]
[Site "chess.com INT"]
[Date "2024.08.06"]
[Round "11"]
[White "Mendes, Aaron Reeve"]
[Black "Breuil, Virgile"]
[Result "1-0"]
[WhiteElo "2314"]
[BlackElo "2251"]
[PlyCount "83"]
[GameId "2130307540369859"]
[EventDate "2024.08.06"]
[EventType "swiss (blitz)"]
[EventRounds "11"]
[EventCountry "NET"]
[SourceTitle "The Week in Chess 1553"]
[Source "Mark Crowther"]
[SourceDate "2024.08.12"]
[SourceVersion "2"]
[SourceVersionDate "2024.08.13"]
[SourceQuality "2"]

1. Nf3 d5 2. e3 Nf6 3. c4 c6 4. cxd5 cxd5 5. b3 Nc6 6. Bb2 Bg4 7. Be2 e6 8. h3 Bh5 9. Ne5 Bxe2 10. Qxe2 Bd6 11. Nxc6 bxc6 12. O-O O-O 13. d3 Nd7 14. e4 Bc7 15. Nc3 Rc8 16. d4 Bb8 17. Na4 c5 18. dxc5 Nxc5 19. Nxc5 Rxc5 20. Ba3 Qc7 21. g3 Rc2 22. Qg4 Rd8 23. exd5 Rxd5 24. Rac1 h5 25. Qf3 Rxc1 26. Rxc1 Qd7 27. Kg2 Bd6 28. Bb2 Be5 29. Ba3 Bf6 30. Rc4 Rf5 31. Qe4 Qd2 32. Rc8+ Kh7 33. Bc5 g6 34. Be3 Qxa2 35. Qb7 Bg5 36. Bd4 e5 37. Bc5 Qe2 38. Rc7 e4 39. Rxf7+ Rxf7 40. Qxf7+ Kh8 41. Bd4+ Bf6 42. Bxf6# 1-0

[Event "Titled Tuesday 2024.07.30 Late"]
[Site "chess.com INT"]
[Date "2024.07.30"]
[Round "1"]
[White "Mendes, Aaron Reeve"]
[Black "Zakin, Ilay"]
[Result "1/2-1/2"]
[WhiteElo "2312"]
[BlackElo "2294"]
[PlyCount "123"]
[GameId "2130307540692200"]
[EventDate "2024.07.30"]
[EventType "swiss (blitz)"]
[EventRounds "11"]
[EventCountry "NET"]
[SourceTitle "The Week in Chess 1552"]
[Source "Mark Crowther"]
[SourceDate "2024.08.05"]
[SourceVersion "1"]
[SourceVersionDate "2024.08.05"]
[SourceQuality "2"]

1. e4 c5 2. Nf3 Nc6 3. Bb5 g6 4. Bxc6 dxc6 5. O-O Bg7 6. c3 Nf6 7. e5 Nd5 8. Re1 O-O 9. a3 c4 10. Qe2 b5 11. d4 cxd3 12. Qxd3 Bf5 13. Qe2 c5 14. c4 bxc4 15. Qxc4 Rc8 16. Nc3 Nb6 17. Qh4 e6 18. Bg5 Qd3 19. Rad1 Qc4 20. Qg3 Qg4 21. Nd2 Qxg3 22. hxg3 h6 23. Bf6 Nd5 24. Nde4 Nxc3 25. Nxc3 Bxf6 26. exf6 Rfd8 27. f3 c4 28. Kf2 Rd3 29. Rh1 Rb8 30. g4 Rxd1 31. Nxd1 Bc2 32. Ne3 Bd3 33. Nd1 Bc2 34. Nc3 Rxb2 35. Rxh6 Bd3+ 36. Ke3 Rxg2 37. Kd4 Rf2 38. Ke3 Rc2 39. Kd4 e5+ 40. Kxe5 Rxc3 41. f4 Rc1 42. f5 c3 43. fxg6 Bxg6 44. Kd6 Rd1+ 45. Ke7 c2 46. Rxg6+ Kh7 47. Rg7+ Kh6 48. g5+ Kh5 49. Kxf7 c1=Q 50. Kg8 Rd8+ 51. Kh7 Qxg5 52. Rxg5+ Kxg5 53. Kg7 Kf5 54. f7 Ke4 55. f8=Q Rxf8 56. Kxf8 Kd3 57. Ke7 Kc3 58. Kd6 Kb3 59. Kc5 Kxa3 60. Kb5 Kb3 61. Ka5 a6 62. Kxa6 1/2-1/2